Most Populated U.S. State Capitals in 1860 - Statistics

General Stats
  • This quiz has been taken 39 times
  • The average score is 7 of 10
Answer Stats
Pop. Capital % Correct
62,367 Albany
94%
177,840 Boston
82%
18,554 Columbus
82%
37,910 Richmond
79%
26,917 Hartford
71%
50,666 Providence
71%
18,611 Indianapolis
65%
16,988 Nashville
65%
17,228 Trenton
59%
39,267 New Haven
12%
No matching quizzes found
Score Distribution
Percent of People with Each Score
Percentile by Number Answered
Your Score History
You have not taken this quiz